000 00272nam a2200121 i 4500
001 bg
245 0 _aKunststoffe fur den Wasserbau :
_bHeft 125.
260 _aBerlin,
_c1971.
040 _cBPK
041 _apol
942 _cKS
008 s pl f |000 0 pol
999 _c14532
_d14532
856 _uhttp://koha.tu.koszalin.pl/cgi-bin/koha/opac-detail.pl?biblionumber=14532
_yKatalog online BPK